000 00260nam a2200109Ia 4500
008 200302s9999 xx 000 0 und d
100 _aGeorge Michell
245 _aHindu Art and Architecture
260 _bThames and Hudson Ltd.
260 _c2000
300 _a224
999 _c3704
_d3704